000 00338pam a2200157a 44500
008 230515b2017 xxu||||| |||| 00| 0 eng d
020 _aNULL
041 _aENGLISH
082 _a610
100 _aNULL
245 _aCOMMUNITY NURSING PROCEDURES MANUAL
250 _a1
260 _a
_bC B S
_c2017
300 _a179
650 _aNULL
999 _c531879
_d531879